RIVISTA DIOCESANA GENOVESE. GENNAIO FEBBRAIO 1973. BOLLETTINO CURIA ARCIVESCOVILE. (Record n. 324636)

Dettagli MARC
000 -LEADER
fixed length control field 01537nas a2200277Ia 4500
001 - CONTROL NUMBER
control field R262-R6097
003 - CONTROL NUMBER IDENTIFIER
control field IT-CnALBA
008 - FIXED-LENGTH DATA ELEMENTS--GENERAL INFORMATION
fixed length control field 170116c99999999xx |||||||||||| ||und||
040 ## - CATALOGING SOURCE
Original cataloging agency IT-CnALBA
Transcribing agency IT-CnALBA
041 ## - LANGUAGE CODE
Language code of text/sound track or separate title ITALIANO
999 ## - SYSTEM CONTROL NUMBERS (KOHA)
Koha Dewey Subclass [OBSOLETE] NO
100 ## - MAIN ENTRY--PERSONAL NAME
Personal name PAOLO VI, PAPA MONTINI.
210 ## - ABBREVIATED TITLE
Abbreviated title RIVISTA DIOCESANA GENOVESE
222 ## - KEY TITLE
Key title RIVISTA DIOCESANA GENOVESE
245 #0 - TITLE STATEMENT
Title RIVISTA DIOCESANA GENOVESE. GENNAIO FEBBRAIO 1973. BOLLETTINO CURIA ARCIVESCOVILE.
250 ## - EDITION STATEMENT
Edition statement 1a ed.
260 ## - PUBLICATION, DISTRIBUTION, ETC. (IMPRINT)
Place of publication, distribution, etc. GENOVA
Name of publisher, distributor, etc. BIESSE GRAFICA
Date of publication, distribution, etc. 1973 [1° Ed.:1973 - Ed.Ling.Originale: 1973]
300 ## - PHYSICAL DESCRIPTION
Extent 88 p.
310 ## - CURRENT PUBLICATION FREQUENCY
Current publication frequency BIMESTRALE
362 ## - DATES OF PUBLICATION AND/OR SEQUENTIAL DESIGNATION
Dates of publication and/or sequential designation Fascicolo: 1 / (1973)
500 ## - GENERAL NOTE
General note LETTERA AD PASCENDUM. LETTERA PER LA UNZIONE DEGLI INFERMI. RISPOSTA AGLI AUGURI NATALIZI. DICHIARAZIONE SULLA CONCELEBRAZIONE. LETTERA PASTORALE SULLA QUARESIMA. NORME SULLE SALE TEATRALI DIPENDENTI DALLE AUTORITÀ ECCLESIASTICHE. DIFESA DEL DIRITTO ALLA VITA. CLUB GIOVANI SPASTICI. IL CARDINALE DE LAI GAETANO E GENOVA. NECROLOGIO.
501 ## - WITH NOTE
With note Società San Paolo EM - Piazza San Paolo, 14 - 12051 ALBA (CN) (non commercial uses only) ® Copyright 2017
520 ## - SUMMARY, ETC.
Summary, etc. LETTERA AD PASCENDUM. LETTERA PER LA UNZIONE DEGLI INFERMI. RISPOSTA AGLI AUGURI NATALIZI. DICHIARAZIONE SULLA CONCELEBRAZIONE. LETTERA PASTORALE SULLA QUARESIMA. NORME SULLE SALE TEATRALI DIPENDENTI DALLE AUTORITÀ ECCLESIASTICHE. DIFESA DEL DIRITTO ALLA VITA. CLUB GIOVANI SPASTICI. IL CARDINALE DE LAI GAETANO E GENOVA. NECROLOGIO.
650 ## - SUBJECT ADDED ENTRY--TOPICAL TERM
Topical term or geographic name as entry element ECCLESIOLOGIA
942 ## - ADDED ENTRY ELEMENTS (KOHA)
Koha item type RIVISTA
957 ## -
-- 1
999 ## - SYSTEM CONTROL NUMBERS (KOHA)
-- 1
Dati di copia
Withdrawn status Lost status Damaged status Not for loan Home library Current library Date acquired Total Checkouts Full call number Date last seen Price effective from Koha item type Public note
    Buone Condizioni Not For Loan ALBA - Biblioteca ALBA - Biblioteca 16/01/2017   R262-R6097 16/01/2017 16/01/2017 RIVISTA (data import: 16 gennaio 2017) - By Epidotti, Vaglietti.
CREDITS: SOCIETA' SAN PAOLO Via A.Severo, 58 - ROMA (RM) & PERIODICI SAN PAOLO SRL Via Giotto, 36 MILANO & CISF Via Giotto, 36 MILANO & EDIZIONI SAN PAOLO SRL,  Piazza Soncino, 5 CINISELLO BALSAMO (MI) -- ITALY